00522nam a2200157Ia 450000500170000000800410001704000190005804100120007708200130008924501430010226000410024530000250028665000200031170000230033185000100035420230607104812.0131103s9999 xx 000 0 und d aLoreto College aEnglish a930bHAM aWonders of the pastb the marvellous works of man in ancient times described by the leading authorities of today cedited by J.A.Hammerton aLondonbThe Fleetway Housec[19 - ?] a416 p.b illus.,maps aAncient History aHammerton,J.A.,ed. aLCLIB